[Event "Linares 19th"]
[Site "Linares"]
[Date "2002.03.06"]
[Round "10"]
[White "Adams, Michael"]
[Black "Shirov, Alexei"]
[Result "1-0"]
[WhiteElo "2742"]
[BlackElo "2715"]
[Annotator "Oratovsky,M"]
[PlyCount "61"]
[EventDate "2002.02.22"]
[EventType "tourn"]
[EventRounds "14"]
[EventCountry "ESP"]
[EventCategory "20"]
[SourceTitle "CBM 088"]
[Source "ChessBase"]
[SourceDate "2002.03.21"]
[SourceVersion "1"]
[SourceVersionDate "2002.03.21"]
[SourceQuality "1"]

1. e4 {[%mdl 134]} c5 2. Nf3 Nc6 3. Bb5 e6 4. O-O Nge7 5. c3 {Favorite line of
Michael Adams,expert of Ruy Lopez with both colors.Is it really Sicilian
defense?!} ({I prefere this line} 5. Re1 a6 ({or} 5... Nd4) 6. Bxc6 Nxc6 7. d4
cxd4 8. Nxd4 Qc7 9. Nc3 Bd6 10. Nd5) 5... a6 6. Ba4 b5 (6... d5 7. exd5 exd5 8.
d4 c4 9. Re1 h6 10. Bxc6+ bxc6 11. b3 cxb3 12. axb3 Be6 13. Ne5 Qb6 14. Nd2 g6
15. Ba3 Bg7 16. Qe2 Qb7 17. Nxf7 {1-0 Adams,M-Hennigan,M/Birmingham 2001/CBM
84 ext (17)}) 7. Bc2 Bb7 8. Qe2 Ng6 (8... d5 9. e5 d4 10. Be4 Ng6 11. cxd4 cxd4
12. d3 Be7 13. Nbd2 Qd7 (13... Qc7 14. Nb3 O-O 15. Bd2 Rfc8 16. Rac1 Qb6 17. h4
$36 {1-0 Smirin,I-Krasenkow,M/Dos Hermanas ESP 2001/The Week in Chess 337 (72)}
) 14. Nb3 Rd8 15. Bd2 Nb4 16. Nfxd4 Nc6 17. Nf3 Nb4 18. Bxb7 Qxb7 19. d4 O-O
20. Rfc1 Qd5 21. Nc5 Nc6 22. Be3 $16 {1-0 Smirin,I-Finegold,B/Philadelphia USA
2001/The Week in Chess 351 (53)}) 9. d4 cxd4 10. cxd4 Nh4 (10... Rc8 11. Rd1
Be7 12. a4 Nb4 13. Bb3 bxa4 14. Bxa4 O-O 15. Nc3 d5 16. e5 Qb6 17. Bg5 Bxg5 18.
Nxg5 h6 19. Nf3 Rc7 20. Bc2 Bc6 21. Bb1 Rb8 22. h4 Bb5 23. Qe3 $14 {1/2-1/2
Potkin,V-Sveshnikov,E/Elista RUS 2001/The Week in Chess 339 (57)}) 11. Nbd2 (
11. Rd1 Rc8 12. Nc3 $1 {Rublevsky} Be7 13. Nxh4 Bxh4 14. e5 $36) 11... Rc8 12.
Bb1 (12. d5 Na5 (12... Ne5 13. Nd4 g5 $6 14. a4 b4 15. N2b3 g4 16. Rd1 $16 {
1-0 Tkachiev,V-San Segundo Carrillo,P/Ponferrada 1997/CBM 60 ext (27)}) 13. Bd3
Ng6 14. g3 Be7 15. dxe6 dxe6 16. a4 bxa4 17. Bxa6 $14 {1-0 Tkachiev,V-Ansell,S/
London 1994/EXT 2000 (29)}) 12... Bd6 13. a4 bxa4 (13... b4 14. Bd3 a5 15. b3 {
[%csl Gb5,Gc4][%cal Gc1b2,Gd4d5]}) 14. Rxa4 Nxf3+ 15. Nxf3 Nb4 ({too dangerose
for black is} 15... O-O 16. e5 Be7 17. d5 $1 {[%csl Ga4][%cal Ga4h4,Gf4g4]}
exd5 18. Qd3 g6 19. Bh6 Re8 20. Qxd5 {[%csl Rg8][%cal Rd5f7,Gb1a2] with
decisive attack}) 16. Bd2 a5 {[%cal Gb7a6]} 17. Rd1 O-O 18. Bc3 Qb6 19. Ra1 Bf4
$6 {after this move white initiative becomes very dangerous.Best chanse was} (
19... f6 {but anyway after} 20. e5 $1 {white has an initiative.For example:}
fxe5 (20... Bxf3 21. Qxf3 fxe5 22. Qh5 h6 (22... g6 23. Bxg6 hxg6 24. Qxg6+ Kh8
25. Bxb4 $18 {[%cal Gd1d3,Gd3h3]}) 23. Qg6 $16 {[%csl Rg8][%cal Gd4e5,Gg6h7]})
21. dxe5 $1 (21. Ng5 $5 Be7 $8 22. Bxh7+ (22. Nxh7 Rf4 $132 {[%csl Rh7][%cal
Gb6c6]}) 22... Kh8 23. h4 {[%cal Ge2h5]} Bxg5 24. hxg5 Kxh7 25. Qh5+ Kg8 26. g6
Rf5 27. Qh7+ Kf8 28. Qh8+ Ke7 29. Qxg7+ Kd8 $13 {with very complicated position
}) 21... Bxf3 22. gxf3 Bc5 23. Rxd7 Rcd8 24. Rxd8 Qxd8 25. Be4 $14) 20. Ne5 {
[%csl Ra5][%cal Ge5c4]} Qc7 21. Qg4 Bxe5 22. dxe5 $16 Bc6 23. h4 $1 {move by
move whites pressure becomes stronger and stronger.Now it's very difficult to
give good advice to black} Kh8 24. Ra3 $1 Rg8 25. h5 h6 26. Qf4 Rcf8 27. Bd4
$18 {[%csl Rf7][%cal Gd4c5,Gc5d6,Ga3g3]} Bb5 28. Rc3 Nc6 29. Bc5 Be2 {attempt
to sacriface exchange,but after} 30. Rd2 Bxh5 31. Rh3 $1 {black resigns
because of} (31. Rh3 Bg6 32. Rxh6+ gxh6 33. Qxh6+ Bh7 34. Qf6+ Rg7 35. Bxf8 $18
) 1-0

[Event "Corus"]
[Site "Wijk aan Zee"]
[Date "2004.01.17"]
[Round "6"]
[White "Adams, Michael"]
[Black "Bareev, Evgeny"]
[Result "1-0"]
[WhiteElo "2720"]
[BlackElo "2714"]
[Annotator "Psakhis,L"]
[PlyCount "49"]
[EventDate "2004.01.10"]
[EventType "tourn"]
[EventRounds "13"]
[EventCountry "NED"]
[EventCategory "19"]
[SourceTitle "CBM 099"]
[Source "ChessBase"]
[SourceDate "2004.03.30"]
[SourceVersion "1"]
[SourceVersionDate "2004.03.30"]
[SourceQuality "1"]

1. e4 e6 2. d4 d5 3. Nd2 c5 4. Ngf3 cxd4 5. exd5 (5. Nxd4 $5 Nc6 6. Bb5 Bd7 7.
Nxc6 Bxc6 8. Bxc6+ bxc6 9. c4 $1 $14) 5... Qxd5 6. Bc4 Qd6 7. O-O Nf6 8. Nb3
Nc6 9. Nbxd4 Nxd4 10. Nxd4 a6 11. Bb3 (11. Re1 Qc7 12. Bb3 Bd6 13. Nf5 Bxh2+
14. Kh1 O-O $132) 11... Qc7 12. Qf3 Bd6 13. Kh1 $5 {An interesting idea: Adams
wants to keep the h3 square for the queen.} (13. h3 O-O 14. Bg5 Nd7 $13 {
is the main line}) 13... Bd7 (13... O-O $5 14. Bg5 Nd7 (14... Be5 15. c3 b6 16.
Qxa8 Bxd4 17. Qf3 Bb7 18. Qe2 Bc5 19. Bxf6 gxf6 20. Rad1 $16 {1-0 Mendoza,
R-Beltran,C/COL-ch Cali 2003/ (33)}) 15. c3 Ne5 16. Qh5 Ng6 17. Bc2 h6 18. Be3
Nf4 19. Qf3 Nd5 20. Bd2 b5 21. Qe4 f5 22. Qe2 Rf6 23. Bb3 Qc5 24. Rad1 $14 {
1/2-1/2 Potkin,V-Rodriguez Guerrero,E/Linares Anibal op 2002/(44)}) 14. Bg5 Be5
15. Rad1 (15. c3 h6 16. Be3 O-O 17. Rfe1 Rad8 18. Rad1 Bc8 19. Bc2 b5 20. Qh3
b4 $1 $36 {0-1 Blehm,P-Kasimdzhanov,R/Wch B20 Zagan 1997 (48)}) 15... h6 16.
Bh4 O-O 17. Rfe1 Rfd8 18. c3 Rac8 $146 ({Worth considering} 18... Be8 $5 {
with the possible continuation} 19. Qe2 (19. Qh3 $5) 19... Bxd4 20. cxd4 Qf4
21. Bg3 Qg5 22. f4 Qf5 23. Bc2 Qd5 24. Bb3 Qf5 25. Bc2 Qd5 26. Bb3 Qf5 {
1/2-1/2 Asylguzhin,R-Sebenik,M/SLO t-ch Bled 2001 (26)}) 19. h3 (19. Qe2 $5)
19... Bxd4 20. Rxd4 Bc6 21. Qe3 $1 (21. Rxd8+ Rxd8 22. Qe3 Qe7 {with good
chances for equalization.}) 21... Rxd4 22. Qxd4 Qd8 $6 {A good idea - queens
exchange - but poor implementation.  The following should have been played:} (
22... Rd8 23. Qe3 Qe7 {leads with transposition of moves to the previous line.}
) 23. Bxf6 Qxf6 $2 {[%mdl 8192] This attempt meets a tactical refutation. Good
or bad, but Bareev had to play} (23... gxf6 24. Qe3 Kh7 $14) 24. Qxf6 gxf6 25.
Rxe6 $1 1-0

[Event "Corus"]
[Site "Wijk aan Zee"]
[Date "2004.01.19"]
[Round "8"]
[White "Adams, Michael"]
[Black "Kramnik, Vladimir"]
[Result "1-0"]
[WhiteElo "2720"]
[BlackElo "2777"]
[Annotator "Ftacnik,L"]
[PlyCount "85"]
[EventDate "2004.01.10"]
[EventType "tourn"]
[EventRounds "13"]
[EventCountry "NED"]
[EventCategory "19"]
[SourceTitle "CBM 099"]
[Source "ChessBase"]
[SourceDate "2004.03.30"]
[SourceVersion "1"]
[SourceVersionDate "2004.03.30"]
[SourceQuality "1"]

1. e4 c5 2. Nf3 d6 3. d4 cxd4 4. Nxd4 Nf6 5. Nc3 a6 6. Be3 e6 7. Be2 Be7 8. a4
Nc6 9. O-O O-O 10. f4 Qc7 11. Kh1 Re8 12. Bf3 Rb8 13. Qe1 $5 e5 14. Nde2 exf4
15. Nxf4 Be6 16. Bh5 $5 {An attempted improvement on an old Dolmatov's game.
The threat is to take on e6 and if 16...Rf8 the bishop will return to e2
winning a tempo.} (16. Be2 Ne5 17. a5 Qc6 18. Ra4 Bd8 19. Qa1 Bc4 20. Bg1 Rc8
21. Nd3 Be6 22. Nb4 Qd7 23. Rd1 Bg4 24. Bxg4 Qxg4 25. Nbd5 {1-0 Dolmatov,
S-Ftacnik,L/Manila 1990/ (40)}) 16... Nxh5 17. Nxh5 Qa5 18. Nf4 Bc4 19. Nd3 (
19. Nfd5 $5 Bd8 20. Rf4 Nb4 $13) 19... Qd8 $1 (19... Ne5 20. Qg3 $5 (20. Rd1)
20... Qd8 21. Rad1 Bh4 22. Qf4 g5 23. Qf5 Be6 24. Qf6 Qxf6 25. Rxf6 Ng4 $11)
20. b3 (20. Qf2 Bh4 21. Qf4 Ne5 $11) 20... Bxd3 21. cxd3 Bf6 (21... Nb4 22. Qg3
Bf6 23. d4 $14) 22. Rc1 Nb4 23. Qd2 d5 24. Bc5 Bg5 $2 {Kramnik choses a very
risky strategy, while the sensible exchanges in the center promissed good
chance for the equality.} (24... Bxc3 25. Rxc3 Nc6 26. Qf4 f6 (26... Qd7 $2 27.
Bd6 Rbd8 28. exd5 Qxd6 29. Qxf7+ Kh8 30. dxc6 bxc6 (30... Rf8 31. c7 $1 $18)
31. Qc4 $16) 27. Bd6 Ra8 $1 (27... d4 28. Rc5 $14) 28. exd5 Ne5 29. Bxe5 Rxe5
30. Qg4 $14) 25. Qf2 $1 Nxd3 (25... Bxc1 26. Bxb4 Bg5 27. Qxf7+ Kh8 28. Nxd5
$16 {gives white too much for the exchange.}) 26. Qxf7+ Kh8 27. Bd4 Bh6 28.
Rcd1 dxe4 29. Ba7 $1 Re7 $2 {[%mdl 256] Black faces unpleasant problems, but
alternatives were probably better than the game move.} (29... Ra8 30. Nxe4 b5
$1 (30... Rxe4 31. Rxd3 Qe7 32. Rd7 Qxf7 33. Rdxf7 $16) (30... Rxa7 31. Rxd3
Qb8 32. Nd6 $18) 31. Bg1 Rxe4 32. Rxd3 Qe8 $14) (29... Rf8 30. Qxf8+ Qxf8 31.
Rxf8+ Rxf8 32. Nxe4 Rd8 (32... Ne5 33. g3 g6 34. Nd6 $1 $14) 33. g4 Bf4 34. Kg2
Rd7 35. Nf2 Ne5 36. Rxd7 Nxd7 37. Nd3 $14) 30. Qf5 Ra8 (30... g6 $2 31. Qh3 $18
) 31. Nxe4 Rd7 (31... Rxa7 $4 32. Qf8+ $18) 32. Bb6 Qe8 (32... Qe7 33. Nc3 $1
Ne5 34. Rde1 $18) 33. a5 $1 Kg8 (33... Qc8 34. Nf6 gxf6 35. Rxd3 Rxd3 36. Qxd3
Bg7 37. b4 $16) 34. Qg4 (34. Rf3 $1 {Black is so constrained, that that Adams
could already have won with a mighty idea of hitting the d3 knight.} Ne5 35.
Rxd7 Nxd7 36. Nd6 $18) 34... Kh8 35. Rf8+ Qxf8 36. Qxd7 Ne5 37. Qxb7 g6 (37...
Ng4 38. Bc5 Qg8 39. Rf1 $18) 38. h3 Bg7 39. Nd6 h5 40. b4 Qg8 {The defender
has no compensation for his suffering, whiet controls the board.} 41. Bc5 Qb8
42. Qe4 Kh7 43. Rd5 1-0

[Event "ARM-ROW m"]
[Site "Moscow"]
[Date "2004.06.11"]
[Round "2"]
[White "Adams, Michael"]
[Black "Akopian, Vladimir Eduardovic"]
[Result "1-0"]
[WhiteElo "2731"]
[BlackElo "2689"]
[Annotator "Finkel,A"]
[PlyCount "49"]
[EventDate "2004.06.10"]
[EventType "team"]
[EventRounds "6"]
[EventCountry "RUS"]
[SourceTitle "CBM 102"]
[Source "ChessBase"]
[SourceDate "2004.09.23"]
[SourceVersion "1"]
[SourceVersionDate "2004.09.23"]
[SourceQuality "1"]
[WhiteTeam "Rest of the World"]
[BlackTeam "Armenia"]
[BlackTeamCountry "ARM"]

1. e4 e6 2. d4 d5 3. Nd2 dxe4 4. Nxe4 Nd7 5. Nf3 Ngf6 6. Nxf6+ Nxf6 7. c3 c5 8.
Ne5 a6 9. Bg5 $5 (9. Be3) 9... Be7 $6 {White's opening choice definitly caught
Akopian off-guard. Otherwise it's hard to explain his 9th move, after which
white gets very unpleasent pressure.} (9... cxd4 10. Qa4+ Bd7 11. Qxd4 Qc7 12.
Nxd7 Nxd7 13. O-O-O f6 14. Bh4 O-O-O 15. f4 $14 {Damaso,R-Cubero Ferreiro,R/
Ferrol 2002}) (9... Qd5 $5 10. Be3 cxd4 11. Qxd4 {1/2-1/2 Robatsch,K-Geller,E/
Havana 1963/MCD (11)}) (9... h6 10. Bh4 g5 $6 11. Bg3 cxd4 12. Qa4+ Nd7 13.
O-O-O $36 {Murariu,A-Jakab,A/Budapest 2003}) (9... b5 10. Qf3 Qd5 11. Be2 Bb7
12. Bxf6 Qxf3 13. Bxf3 Bxf3 14. Bxg7 Bxg2 15. Bxh8 Bxh1 16. f3 Bg2 17. Ke2 $14
{Miron,L-Meier,G/Budva 2003}) 10. dxc5 $1 $14 {After this natural move white
gets very comfortable advantage due to the pressure on the queenside.} Qxd1+ (
10... Qc7 11. Qa4+ Bd7 12. Nxd7 Nxd7 13. Bxe7 Kxe7 14. Rd1 Nxc5 15. Qh4+ f6 16.
Be2 $14) 11. Rxd1 Bxc5 12. Be2 h6 ({No easy life was expecting black after} 
12... Nd5 13. c4 (13. Nd3 Be7 14. Bxe7 Kxe7 15. c4 Nf6 16. Bf3 Rb8 17. c5 Rd8
$14) 13... Be7 (13... Ne7 14. Bf3 h6 15. Be3 $16) 14. Bxe7 Nxe7 15. c5 $16 {
[%cal Ge2f3,Ge5c4,Gc4b6]}) 13. Bh4 g5 14. Bg3 Ne4 15. Bf3 $6 (15. Rd8+ $142 $5
Kxd8 16. Nxf7+ Ke7 17. Nxh8 Kf6 (17... Bd7 18. Ng6+ Kf6 19. Ne5 Bxf2+ 20. Bxf2
Kxe5 21. Bd4+ $14) 18. Bd3 Nxg3 19. hxg3 Kg7 20. Ng6 $16) 15... Nxg3 16. hxg3
Ke7 $2 {The only explanation for this move is that even the very best players
are just human, which means they also make stupid mistakes from time to time!}
(16... Rb8 17. Rd8+ Kxd8 18. Nxf7+ Ke7 19. Nxh8 $18) (16... Bb6 $1 17. b4 (17.
Nc4 Bc7 18. Nd6+ Ke7 19. Nxc8+ Raxc8 20. Bxb7 Rb8 21. Bxa6 (21. Bc6 Rxb2 22.
Rd7+ Kf6 {[%csl Rh1]}) 21... Rxb2 22. Bc4 Be5 $11) 17... Bc7 18. Nc4 Rb8 19. a4
b6 $14) 17. Bxb7 $1 $18 Bxb7 18. Rd7+ Kf6 19. f4 gxf4 20. gxf4 Kf5 21. Rxf7+
Ke4 22. Rxb7 Rag8 23. Rc7 $1 Be3 (23... Rc8 24. Rxc8 Rxc8 25. Rxh6 $18) 24.
Rc4+ Kd5 25. Rh5 1-0

[Event "Corus"]
[Site "Wijk aan Zee"]
[Date "2005.01.18"]
[Round "4"]
[White "Adams, Michael"]
[Black "Topalov, Veselin"]
[Result "1-0"]
[WhiteElo "2741"]
[BlackElo "2757"]
[Annotator "Ftacnik,L"]
[PlyCount "81"]
[EventDate "2005.01.15"]
[EventType "tourn"]
[EventRounds "13"]
[EventCountry "NED"]
[EventCategory "19"]
[SourceTitle "CBM 105"]
[Source "ChessBase"]
[SourceDate "2005.04.11"]
[SourceVersion "1"]
[SourceVersionDate "2005.04.11"]
[SourceQuality "1"]

1. e4 c5 2. Nf3 d6 3. d4 cxd4 4. Nxd4 Nf6 5. Nc3 a6 6. Be3 e6 7. Be2 Nbd7 8. g4
h6 9. f4 g6 10. f5 {Topalov irritates his opponents with the system featuring
early Nbd7, Adams decides to try punishing him.} Ne5 11. h3 (11. fxe6 fxe6 12.
g5 hxg5 13. Bxg5 {Yakovich,Y-Magerramov,E/URS/URS/1986/}) 11... b5 12. a3 Qe7
$5 {A fine move supporting the center since the bishop would love to operate
from the square b7.} 13. Qd2 Bb7 14. fxe6 fxe6 15. O-O-O Rc8 (15... Nxe4 16.
Nxe4 Bxe4 17. Rhf1 $36) 16. Rhf1 Bg7 17. g5 hxg5 18. Bxg5 Nf7 (18... Rxc3 $5
19. bxc3 $1 (19. Qxc3 $2 Nxe4 20. Bxe7 Bh6+ $1 21. Kb1 Nxc3+ 22. bxc3 Kxe7 $17)
19... Nxe4 (19... Nf7 $5 20. Be3 Nxe4 $15) 20. Bxe7 Nxd2 21. Bf6 $1 Nxf1 22.
Bxg7 Rh7 23. Nxb5 $1 Rxg7 24. Nxd6+ Ke7 25. Bxf1 Bf3 26. Rd4 $14) 19. Kb1 Rc5 {
The moment for great tactics was very tempting, but the sharp lines seem to
favour white.} (19... Rxc3 $2 20. Bxf6 Bxf6 21. Qxc3 $16) (19... Rxh3 $6 20.
Bg4 $1 Rhxc3 21. Nxe6 $1 Bh8 (21... Nxg5 22. Qxg5 $40) (21... Rxc2 22. Nxg7+
Kf8 23. Ne6+ Kg8 24. Rxf6 Rxd2 (24... Qxf6 25. Bxf6 Rxd2 26. Rxd2 $18) 25.
Rxg6+ Kh7 26. Rh1+ Kxg6 27. Bf5#) 22. bxc3 Nxe4 23. Bxe7 Nxd2+ 24. Rxd2 Kxe7
25. Rh2 $16) 20. Bxf6 Bxf6 21. Bg4 Bc8 (21... Ng5 $5 22. Qe3 Rc4 $13) 22. Qg2
Ne5 23. Nce2 g5 24. Ng3 Nxg4 25. hxg4 Bb7 {Can black possibly be worse with a
bishop pair against white knights? Topalov has a loose king and his pieces are
not completely coordinated.} 26. Nh5 Be5 (26... O-O 27. Nxf6+ Rxf6 28. Nb3 $14)
27. Qe2 Rc4 (27... Rf8 28. Rxf8+ Kxf8 29. Nf3 $1 Bh8 30. e5 $1 Bxe5 31. Nxe5
Rxe5 32. Qf2+ Kg8 (32... Ke8 33. Qb6 $14) 33. Rf1 $16) 28. Qe3 Rg8 29. Rf2 Rf8
$6 {[%mdl 256] The rook was a good defender and black will soon miss it.} (
29... Kd8 $5 30. b3 Rc7 31. Nf3 $14) 30. Rxf8+ Kxf8 31. b3 $1 (31. Qxg5 $2 Qxg5
(31... Rxd4 $2 32. Rf1+ Ke8 33. Qg8+ Kd7 34. g5 $1 (34. Rf7 $2 Rd1+ 35. Ka2
Bxe4 36. Rxe7+ Kxe7 37. Nf4 Bxf4 38. Qg7+ $11) 34... Bxe4 (34... b4 35. axb4
Rxb4 36. Rf7 $18) 35. Nf6+ Kc6 36. Nxe4 Rxe4 37. Rf7 $18) 32. Nxe6+ Kf7 33.
Nxg5+ Kg6 34. Nf3 Bxe4 35. Nxe5+ dxe5 $15) 31... Rxd4 (31... Rc5 32. Nf3 $1 (
32. Qxg5 $6 Qxg5 33. Nxe6+ Ke7 34. Nxg5 Bc8 $5 35. Rf1 Bxg4 36. Rf7+ Kd8 37.
Ng7 Kc8 38. Nf5 $16) 32... Bh8 33. e5 $1 Rd5 $5 (33... Bxe5 $2 34. Nxe5 Rxe5
35. Rf1+ $40) 34. Rh1 $1 (34. Rf1 Ke8 35. Qb6 Rxe5 36. Nxe5 Bxe5 37. Qa7 $16)
34... Ke8 (34... Bxe5 35. Nxe5 Rxe5 36. Rf1+ $18) 35. Nf4 $1 $18) 32. Rxd4 Bxd4
33. Qxd4 {White advantage is obvious, aggressive knight cooperates well with
centralized queen.} e5 (33... Kg8 34. e5 dxe5 35. Qxe5 Bg2 36. Qd4 Kh7 37. Nf6+
Kg6 38. Nd7 $36) 34. Qf2+ Ke8 $2 (34... Qf7 35. Qb6 Qd7 36. Ng3 $16) 35. Nf6+
Kd8 36. Qf5 $1 Bc8 37. Qxg5 {Black has lost a pawn and his situation is
suddenly hopeless.} Be6 38. Qh6 Kc7 39. g5 Kc6 40. Qh8 Kb7 41. g6 1-0

[Event "Linares 22nd"]
[Site "Linares"]
[Date "2005.02.26"]
[Round "4"]
[White "Adams, Michael"]
[Black "Vallejo Pons, Francisco"]
[Result "1-0"]
[WhiteElo "2741"]
[BlackElo "2686"]
[Annotator "Ftacnik,L"]
[PlyCount "67"]
[EventDate "2005.02.23"]
[EventType "tourn"]
[EventRounds "14"]
[EventCountry "ESP"]
[EventCategory "20"]
[SourceTitle "CBM 106"]
[Source "ChessBase"]
[SourceDate "2005.06.06"]
[SourceVersion "1"]
[SourceVersionDate "2005.06.06"]
[SourceQuality "1"]

1. e4 c5 2. Nf3 d6 3. d4 cxd4 4. Nxd4 Nf6 5. Nc3 a6 6. Be3 Ng4 7. Bg5 h6 8. Bh4
g5 9. Bg3 Bg7 10. h3 Ne5 11. Be2 Nbc6 12. Nb3 b5 13. Nd5 {[%mdl 32] Adams is
great in strategical fight and here he transformes the pawn structure to
something quite promissing.} (13. O-O Bb7 (13... O-O 14. Kh1 Bb7 15. f4 gxf4
16. Bxf4 Ng6 17. Be3 Nce5 18. Nd4 b4 19. Nd5 e6 20. Nf4 Bxe4 21. Nh5 Qh4 22.
Bf2 Qxh3+ 23. Kg1 Qxg2# {0-1 Angelov,A-Herman,M/Dos Hermanas 2004/ (23)}) 14.
a4 b4 15. Nd5 e6 16. Ne3 a5 17. Bb5 O-O 18. f4 gxf4 19. Rxf4 Qg5 20. Qe1 Ne7
21. Rd1 {1-0 Klimpel,T-Fenske,N/Passau 1997/ (37)}) (13. a3 Bd7 14. O-O O-O 15.
f4 Nc4 16. Qc1 f6 17. Rd1 gxf4 18. Bxf4 Qb6+ 19. Kh1 Kh7 20. Bxd6 Rfd8 21. Rf1
Nxd6 {0-1 Krcal,M-Bohm,T/Czechia 2001/ (21)}) 13... Nc4 (13... e6 14. Ne3 Bb7
15. Qd2 $14) 14. Bxc4 bxc4 15. Nd2 Bxb2 (15... Rb8 16. Nxc4 Na5 17. Qd3 Nxc4
18. Qxc4 Rxb2 19. O-O $13) (15... e6 16. Nxc4 $1 exd5 17. Qxd5 Qd7 18. Rd1 $14)
16. Rb1 Be5 $6 {Vallejo has probably underestimated the might of the knights
in the center.} (16... c3 17. Nc4 Rb8 18. O-O $13) (16... Bg7 17. Nxc4 Be6 18.
O-O O-O 19. Nce3 $14) 17. Nxc4 Bxg3 18. fxg3 Be6 (18... Rb8 19. Rxb8 Nxb8 20.
O-O Be6 21. Qd4 $14) 19. O-O (19. Rb6 Qd7 20. Nxd6+ Qxd6 21. Nf6+ Kd8 22. Qxd6+
exd6 23. Rxc6 Ke7 $11) 19... Rb8 20. Rb3 Rb5 (20... O-O 21. Nce3 Kg7 22. Qd3
$14) 21. Kh2 O-O 22. Nce3 Ne5 (22... Qa5 $2 23. c4 Rc5 24. Rb7 $16) 23. c4 $1 {
White stabilizes the grip of knights over the position as a prelude to
kingside attack.} Rc5 (23... Rxb3 24. axb3 g4 25. Qa1 $14) 24. Qh5 Kh7 (24...
Kg7 25. Rb7 $16) 25. Rb7 Re8 (25... Nc6 $2 26. Ng4 $1 Bxg4 27. Rxf7+ $18) 26.
Nf5 Bxf5 27. exf5 (27. Rxf5 Kg7 28. Rxe5 dxe5 29. Ne3 Rh8 30. Nf5+ Kf8 31. Nxh6
Rh7 32. Qxg5 Rg7 33. Qd2 $1 $18) 27... Rf8 $2 {Black's position was truly
difficult, but this move represents a second rate solution to the problems. It
seems much better to play 27...Qc8! with tough resistance.} (27... Qc8 $1 28.
Rxe7 Rxe7 29. Nxe7 Qf8 30. f6 Rxc4 31. Rd1 Rc2 32. Rxd6 $16) (27... Rxc4 28. f6
$1 Qa8 29. Rxe7 Rxe7 30. fxe7 $18) 28. Nxe7 Qa8 (28... Rc7 29. Rxc7 Qxc7 30. f6
Qd8 31. Rd1 $18) 29. Rfb1 Rb5 (29... Rxc4 30. Ng6 $1 $18) 30. cxb5 (30. R1xb5
axb5 31. f6 Qxb7 32. Nf5 Ng4+ 33. hxg4 Rh8 34. Nxh6 $18 (34. Qxh6+ Kg8 35. Ne7+
Qxe7 36. Qxh8+ Kxh8 37. fxe7 $18)) 30... Qxb7 31. f6 Qe4 32. Rf1 Rh8 (32... Qd4
33. Nf5 Ng4+ 34. hxg4 Qxf6 35. bxa6 $18) 33. Nf5 Kg8 34. bxa6 1-0